Top 15 countries with most population growth - Statistics

General Stats
  • This quiz has been taken 33 times
    18 since last reset
  • The average score is 11 of 15
Answer Stats
Hint Answer % Correct
3.65% Niger
100%
2.97% Mali
88%
3.12% Chad
82%
3.16% DR Congo
82%
3.38% Angola
76%
2.81% Tanzania
76%
3.68% Burundi
71%
2.77% Cameroon
71%
2.76% Guinea
71%
3.31% Uganda
71%
2.93% Zambia
71%
3.36% Benin
65%
2.74% Liberia
65%
5.05% South Sudan
59%
5.32% Syria
24%
No matching quizzes found
Score Distribution
Percent of People with Each Score
Percentile by Number Answered
Your Score History
You have not taken this quiz since the last reset